在空白地图上画出贵州所有县级行政区Counties in Guizhou with an empty map - Statistics

General Stats
  • This quiz has been taken 76 times
  • The average score is 63 of 88
Answers on the Map
Answers color-coded by a green-red scale on the quiz's map according to % correct below.
 
Answer Stats
地级 县级 % Correct
六盘水市 六枝特区
96%
黔西南布依族苗族自治州 兴义市
96%
黔东南苗族侗族自治州 凯里市
93%
黔南布依族苗族自治州 都匀市
93%
六盘水市 水城区
91%
贵阳市 南明区
89%
贵阳市 花溪区
89%
贵阳市 白云区
89%
毕节市 七星关区
89%
遵义市 红花岗区
87%
遵义市 播州区
87%
遵义市 赤水市
87%
贵阳市 乌当区
85%
贵阳市 观山湖区
85%
贵阳市 清镇市
85%
六盘水市 盘州市
85%
贵阳市 云岩区
83%
贵阳市 修文县
83%
遵义市 仁怀市
83%
毕节市 黔西市
83%
贵阳市 息烽县
80%
黔西南布依族苗族自治州 兴仁市
80%
六盘水市 钟山区
78%
黔南布依族苗族自治州 龙里县
78%
贵阳市 开阳县
76%
遵义市 习水县
76%
毕节市 织金县
76%
毕节市 威宁彝族回族苗族自治县
76%
黔东南苗族侗族自治州 榕江县
76%
遵义市 道真仡佬族苗族自治县
74%
安顺市 关岭布依族苗族自治县
74%
铜仁市 碧江区
74%
黔东南苗族侗族自治州 镇远县
74%
黔南布依族苗族自治州 荔波县
74%
遵义市 汇川区
72%
遵义市 桐梓县
72%
遵义市 湄潭县
72%
安顺市 紫云苗族布依族自治县
72%
毕节市 大方县
72%
铜仁市 松桃苗族自治县
72%
黔南布依族苗族自治州 贵定县
72%
黔南布依族苗族自治州 瓮安县
72%
黔南布依族苗族自治州 独山县
72%
黔南布依族苗族自治州 三都水族自治县
72%
安顺市 西秀区
70%
安顺市 平坝区
70%
黔东南苗族侗族自治州 黄平县
70%
黔东南苗族侗族自治州 施秉县
70%
黔东南苗族侗族自治州 三穗县
70%
黔东南苗族侗族自治州 从江县
70%
黔南布依族苗族自治州 福泉市
70%
铜仁市 万山区
67%
铜仁市 江口县
67%
铜仁市 印江土家族苗族自治县
67%
黔西南布依族苗族自治州 普安县
67%
黔东南苗族侗族自治州 剑河县
67%
黔东南苗族侗族自治州 台江县
67%
遵义市 务川仡佬族苗族自治县
65%
安顺市 镇宁布依族苗族自治县
65%
铜仁市 玉屏侗族自治县
65%
铜仁市 沿河土家族自治县
65%
黔西南布依族苗族自治州 晴隆县
65%
黔西南布依族苗族自治州 安龙县
65%
毕节市 金沙县
63%
毕节市 纳雍县
63%
铜仁市 石阡县
63%
黔西南布依族苗族自治州 望谟县
63%
黔西南布依族苗族自治州 册亨县
63%
黔东南苗族侗族自治州 岑巩县
63%
黔东南苗族侗族自治州 雷山县
63%
遵义市 凤冈县
61%
黔西南布依族苗族自治州 贞丰县
61%
黔东南苗族侗族自治州 黎平县
61%
遵义市 正安县
59%
遵义市 余庆县
59%
安顺市 普定县
59%
铜仁市 思南县
59%
黔东南苗族侗族自治州 天柱县
59%
黔东南苗族侗族自治州 麻江县
59%
黔东南苗族侗族自治州 丹寨县
59%
黔南布依族苗族自治州 罗甸县
59%
黔南布依族苗族自治州 长顺县
59%
黔南布依族苗族自治州 惠水县
59%
遵义市 绥阳县
57%
毕节市 赫章县
57%
铜仁市 德江县
57%
黔南布依族苗族自治州 平塘县
57%
黔东南苗族侗族自治州 锦屏县
54%
No matching quizzes found
Score Distribution
Percent of People with Each Score
Percentile by Number Answered
Your Score History
You have not taken this quiz